| Tag |
First Indicator |
Second Indicator |
Subfields |
| LEADER |
00000cam a2200000 i 4500 |
| 001 |
in00002811137 |
| 005 |
20180203063638.0 |
| 008 |
121219s2012 ii 000 1 eng |
| 010 |
|
|
|a 2012372308
|
| 020 |
|
|
|a 9780198088295 (hbk.)
|
| 020 |
|
|
|a 0198088299 (hbk.)
|
| 035 |
|
|
|a (OCoLC)ocn802324328
|
| 040 |
|
|
|a DLC
|e rda
|c DLC
|d TXA
|d UtOrBLW
|
| 041 |
1 |
|
|a eng
|h mal
|
| 049 |
|
|
|a TXAM
|
| 050 |
0 |
0 |
|a PL4718.9.J5836
|b M37 2012
|
| 100 |
1 |
|
|a Jōsaph, Sār̲ā,
|d 1948-
|
| 240 |
1 |
0 |
|a Short stories.
|k Selections.
|l English
|
| 245 |
1 |
4 |
|a The masculine of 'Virgin' :
|b stories /
|c by Sarah Joseph ; translated and introduced by J. Devika ; edited by Mini Krishnan.
|
| 264 |
|
1 |
|a New Delhi :
|b Oxford University Press,
|c 2012.
|
| 300 |
|
|
|a xxxvi, 158 pages ;
|c 23 cm.
|
| 336 |
|
|
|a text
|b txt
|2 rdacontent
|
| 337 |
|
|
|a unmediated
|b n
|2 rdamedia
|
| 338 |
|
|
|a volume
|b nc
|2 rdacarrier
|
| 546 |
|
|
|a Translated from the Malayalam.
|
| 505 |
0 |
|
|a The moonlight knows -- The masc. of "Virgin" -- Conjugality -- Asoka -- Jatiguptan and Janakiguptan -- Hark! -- Love...! -- Dimwittude -- Within every woman writer -- Paapathara -- Black chinks -- Cloves -- Vanadurga -- To the sea -- Dead land -- Sweat-marks -- Scooter -- The passion of Mary -- The rain -- Coffee house -- The broken bridge.
|
| 600 |
1 |
0 |
|a Jōsaph, Sār̲ā,
|d 1948-
|v Translations into English.
|
| 700 |
1 |
2 |
|a Jōsaph, Sār̲ā,
|d 1948-
|t Moonlight knows.
|
| 700 |
1 |
|
|a Devika, J.,
|e editor.
|
| 700 |
1 |
|
|a Mini Krishnan
|e translator.
|
| 945 |
|
|
|a PromptCat
|
| 948 |
|
|
|a cataloged
|b h
|c 2013/3/18
|d c
|e dmitchel
|f 9:10:20 am
|
| 994 |
|
|
|a C0
|b TXA
|
| 999 |
|
|
|a MARS
|
| 999 |
f |
f |
|s 1c920270-759a-3f06-ba67-d944bd4578ce
|i 7a0d82ed-b0f2-3041-9609-22be3836fca4
|t 0
|
| 952 |
f |
f |
|p normal
|a Texas A&M University
|b College Station
|c Sterling C. Evans Library
|d Evans: Library Stacks
|t 0
|e PL4718.9.J5836 M37 2012
|h Library of Congress classification
|i unmediated -- volume
|m A14835925460
|
| 998 |
f |
f |
|a PL4718.9.J5836 M37 2012
|t 0
|l Evans: Library Stacks
|